000 00419nam a22001451a 4500
082 _aM3007
_bGNP/D
100 _aG N Panicker
_9170084
245 _aDev...Kesava Dev.../
_cby G N Panicker.
260 _aKottayam:
_bSahitya Pravartaka Co-operative Society,
_c1993.
300 _a230p.
650 _aLiterature
_9170085
650 _aLiterature Malayalam
_9170086
650 _aNovel Malayalam Study
_9170087
942 _cBK
999 _c10437
_d10437